000 01241cam a22003014a 4500
001 13108298
003 NUST-PNEC
005 20170116180704.0
008 030303s2003 miua b 001 0 eng
010 _a 2003103270
020 _a0872636496
035 _a(DLC) 2003103270
040 _aDLC
_cPNEC
042 _apcc
050 0 0 _aTJ1185
_b.E73 2003
082 0 0 _a671.35 ERD
_222
100 1 _aErdel, Bert P.
245 1 0 _aHigh-speed machining /
_cBert P. Erdel.
260 _aDearborn, Mich. :
_bSociety of Manufacturing Engineers,
_cc2003.
300 _axv, 247 p. :
_bill. ;
_c24 cm.
500 _aIncludes Index http://www.amazon.com/high-speed-Machining-Bert-P-Erdel/dp/0872636496/ref=sr_1_1?s=books&ie=UTF8&qid=1410950297&sr=1-1&keywords=0872636496
504 _aIncludes bibliographical references (p. 237-239) and index.
650 0 _aHigh-speed machining.
_xME
856 4 1 _3Table of contents
_uhttp://www.loc.gov/catdir/toc/fy043/2003103270.html
906 _a7
_bcbc
_corignew
_d2
_eepcn
_f20
_gy-gencatlg
942 _2ddc
_cBK
999 _c60672
_d60672